Cette année-là: 1813 - Statistiques

Statistiques générales
  • Ce quiz a été pris 11 fois
  • Le résultat moyen est 5 sur 10
Statistiques - réponses
Indices Réponses % Correct
Idem: Le Roi de cet Etat allemand nous trahit pendant la même bataille Saxe
100%
Novembre*décembre: Nom que prennent les jeunes conscrits de l'armée napoléonienne les Marie-Louise
75%
16-19 octobre: On l'appelle aussi la bataille des Nations bataille de Leipzig
63%
2 mai: victoire française en Allemagne bataille de Lützen
63%
30 mai: Maréchal héroïque et toujours invaincu, je reprends Hambourg aux Russes et y reste jusqu'à la capitulation de 1814. Davout
63%
2 décembre: Cet homme est accueilli comme Roi des Pays-Bas Guillaume Ier d'Orange
50%
11 décembre: Je reprend mon royaume par le traité de Valencay. Ferdinand VII d'Espagne
38%
21 juin: Défaite décisive française en Espagne... Bataille de Vitoria
13%
29 décembre: Ce parlementaire français émet une critique virulente de l'Empereur dans un rapport Joachim Lainé
13%
3 octobre: Chef de l'insurrection serbe, je suis vaincu et m'exile en Autriche où je suis arrêté. Karageorges
13%
Aucun quiz correspondant
Distribution des résultats
% des personnes avec chaque résultat
Percentile par nombre de réponses
Votre historique - résultats
Vous n’avez pas pris ce quiz